[Event "76th GEO-ch Women 2019"]
[Site "Tbilisi"]
[Date "2019.03.22"]
[Round "4.6"]
[White "Tsereteli, Tamar"]
[Black "Gvetadze, Sofio"]
[Result "0-1"]
[WhiteElo "2315"]
[BlackElo "2321"]
[Annotator "NA"]
[PlyCount "134"]
[EventDate "2019.03.19"]
[EventType "swiss"]
[EventCountry "GEO"]
[SourceTitle "playchess.com"]
[Source "ChessBase"]
[SourceQuality "1"]
[TimeControl "40/5400+30:1800+30"]

1. e4 {[%emt 0:00:00]} d6 {[%emt 0:00:00]} 2. d4 {[%emt 0:00:00]} Nf6 {[%emt 0:00:00]} 3. Nc3 {[%emt 0:00:07]} Nbd7 {[%emt 0:00:00]} 4. Bc4 {[%emt 0:01:32]} e5 {[%emt 0:00:04]} 5. Nf3 {[%emt 0:00:24]} Be7 {[%emt 0:00:07]} 6. O-O {[%emt 0:00:49]} O-O {[%emt 0:00:08]} 7. Qe2 {[%emt 0:02:03]} c6 {[%emt 0:00:15]} 8. a4 {[%emt 0:00:13]} a5 {[%emt 0:00:15]} 9. Rd1 {[%emt 0:04:44]} Qc7 {[%emt 0:00:52]} 10. h3 {[%emt 0:01:06]} exd4 {[%emt 0:02:38] C41: Philidor Defence} 11. Nxd4 {[%emt 0:00:49]} Nc5 {[%emt 0:00:18]} (11... Re8 12. Bf4 Bf8 13. Nf5 Ne5 14. Ng3 Be6 15. Bxe6 Rxe6 16. b3 Rae8 17. Rd4 Ng6 18. Qd2 Nxf4 19. Qxf4 {0-1 (53) Macieja,B (2629)-Cyborowski,L (2543) Warsaw 2003}) 12. Bf4 {[%emt 0:03:07]} Nfd7 {[%emt 0:12:24]} 13. Rd2 {[%emt 0:26:55]} Ne5 {[%emt 0:01:08]} 14. Ba2 $146 {[%emt 0:01:28]} ({Predecessor:} 14. Nb3 Qb6 15. Bxe5 dxe5 16. Nxc5 Bxc5 17. Nd1 Re8 18. b3 {½-½ (42) Wandzik,W (2360)-Gumularz,S (2239) Jastrzebia Gora 2015}) 14... Ng6 {[%emt 0:24:20]} (14... Be6 $5) 15. Be3 {[%emt 0:07:51]} Re8 {[%emt 0:02:06]} 16. Qf3 {[%emt 0:13:48]} Bf6 {[%emt 0:12:46]} 17. Rad1 {[%emt 0:03:58]} (17. Nf5 $16 Bxf5 18. exf5) 17... b6 {[%emt 0:17:49]} 18. g4 {[%emt 0:14:30]} (18. Nxc6 $14 Bxc3 19. bxc3) 18... Nh4 {[%emt 0:04:03]} (18... Be5 $15) 19. Qg3 $1 {[%emt 0:01:24]} Rxe4 {[%emt 0:01:54] [#]} (19... h6 $14) 20. Ndb5 $1 {[%emt 0:01:59]} cxb5 {[%emt 0:00:45]} 21. Bxc5 {[%emt 0:00:07] Pin} Bb7 {[%emt 0:09:13]} (21... Bxc3 22. Bxd6 Qd8 23. Bd5 (23. Qxc3 Bb7 $16)) 22. Bxd6 {[%emt 0:01:00]} ({Much weaker is} 22. Nxe4 $6 Bxe4 23. Bxd6 Qc8 $11 24. axb5 Nf3+ 25. Kf1 Nxd2+ 26. Rxd2 Qd7 $11) 22... Qc8 {[%emt 0:00:05]} 23. Bd5 {[%emt 0:03:24]} ({Much worse is} 23. Nxe4 $6) 23... Bxc3 $1 {[%emt 0:00:55]} 24. bxc3 {[%emt 0:01:09]} Bxd5 {[%emt 0:00:45]} 25. Rxd5 {[%emt 0:00:02]} Ng6 $1 {[%emt 0:00:15]} 26. Bc7 {[%emt 0:01:21]} Re8 {[%emt 0:00:18]} 27. Rxb5 {[%emt 0:00:45]} Qe6 {[%emt 0:00:12]} 28. Qd3 {[%emt 0:04:59]} Qc6 {[%emt 0:00:12]} 29. Bg3 $11 {[%emt 0:00:22]} ({Of course not} 29. Bxb6 Nf4 $17) 29... h6 {[%emt 0:00:16]} 30. c4 {[%emt 0:01:53]} Rac8 {[%emt 0:00:16]} 31. c5 {[%emt 0:00:43]} bxc5 {[%emt 0:00:24]} 32. c4 {[%emt 0:00:35]} Qf6 {[%emt 0:00:27]} 33. Qf5 {[%emt 0:01:06]} Qe7 {[%emt 0:00:36]} 34. Rxa5 {[%emt 0:00:36]} Qe2 {[%emt 0:02:43]} 35. Qd3 {[%emt 0:00:09]} Qa2 {[%emt 0:00:29]} 36. Ra7 {[%emt 0:00:16]} Ra8 {[%emt 0:00:35]} 37. Rc7 {[%emt 0:01:42]} Qxa4 {[%emt 0:00:52]} 38. Rxc5 {[%emt 0:00:22]} Nf8 {[%emt 0:03:44]} 39. Rc7 {[%emt 0:01:26]} Ne6 {[%emt 0:00:05]} 40. Qd7 {[%emt 0:00:00]} Nxc7 {[%emt 0:00:00]} 41. Qxa4 {[%emt 0:02:50]} Rxa4 {[%emt 0:01:48]} 42. Bxc7 {[%emt 0:00:01]} Rxc4 {[%emt 0:00:06]} 43. Rd8 {[%emt 0:00:06]} Rxd8 {[%emt 0:00:09]} 44. Bxd8 {[%emt 0:00:04]} f5 {[%emt 0:01:57]} 45. gxf5 {[%emt 0:00:40]} Kf7 {[%emt 0:00:44]} 46. Kg2 {[%emt 0:02:57]} Rf4 {[%emt 0:02:56]} 47. f6 {[%emt 0:06:40]} gxf6 {[%emt 0:00:18]} 48. Kg3 {[%emt 0:00:15]} Ra4 {[%emt 0:00:10]} 49. Bb6 {[%emt 0:00:30]} Kg6 {[%emt 0:00:45]} 50. Be3 {[%emt 0:00:08]} h5 {[%emt 0:00:12]} 51. Bc5 {[%emt 0:01:11]} Kf5 {[%emt 0:01:23]} 52. Be3 {[%emt 0:00:42]} Ke5 {[%emt 0:02:24]} 53. Bb6 {[%emt 0:00:19]} f5 {[%emt 0:01:10]} 54. Bc7+ {[%emt 0:00:13]} Kd5 {[%emt 0:06:07]} 55. Bd8 {[%emt 0:02:43]} Re4 {[%emt 0:03:33]} 56. Bb6 {[%emt 0:01:56]} f4+ {[%emt 0:05:58]} 57. Kf3 {[%emt 0:00:25]} Ke5 {[%emt 0:00:15]} 58. Bc7+ {[%emt 0:02:42]} Kf5 {[%emt 0:00:09]} 59. Bd6 {[%emt 0:01:38]} Rd4 {[%emt 0:00:10]} 60. Bc7 {[%emt 0:00:10]} Rd3+ {[%emt 0:00:22]} 61. Kg2 {[%emt 0:00:01]} Ke4 {[%emt 0:02:32]} 62. h4 {[%emt 0:02:13]} Rd7 {[%emt 0:00:42]} 63. f3+ {[%emt 0:00:53]} Ke3 {[%emt 0:00:11]} 64. Be5 {[%emt 0:01:14]} Rd8 {[%emt 0:01:46]} 65. Bf6 {[%emt 0:02:08]} Rd2+ {[%emt 0:00:25]} 66. Kh3 {[%emt 0:00:13]} Kxf3 {[%emt 0:00:18]} 67. Be5 {[%emt 0:00:19]} Rd1 {[%emt 0:00:28]} 0-1

[Event "76th GEO-ch Women 2019"]
[Site "Tbilisi"]
[Date "2019.03.23"]
[Round "5.1"]
[White "Gvetadze, Sofio"]
[Black "Melia, Salome"]
[Result "1-0"]
[WhiteElo "2321"]
[BlackElo "2385"]
[Annotator "NA"]
[PlyCount "85"]
[EventDate "2019.03.19"]
[EventType "swiss"]
[EventCountry "GEO"]
[SourceTitle "playchess.com"]
[Source "ChessBase"]
[SourceQuality "1"]
[TimeControl "40/5400+30:1800+30"]

{[%evp 8,54,33,3,16,8,20,-2,-16,-9,0,0,0,-18,0,0,12,0,0,0,0,0,22,0,71,64,78,26,95,43,113,125,102,58,32767,172,32767,189,32767,196,228,185,333,351,343,381,341,419,348]} 1. e4 {[%emt 0:00:00]} c6 {[%emt 0:00:00]} 2. d4 {[%emt 0:00:00]} d5 {[%emt 0:00:00]} 3. Nc3 {[%emt 0:00:00]} dxe4 {[%emt 0:00:00]} 4. Nxe4 {[%emt 0:00:00]} Nf6 {[%emt 0:00:00]} 5. Ng3 {[%emt 0:00:37]} g6 {[%emt 0:00:34]} 6. Nf3 {[%emt 0:00:07]} Bg7 {[%emt 0:00:04]} 7. h3 {[%emt 0:00:19] B15: Caro-Kann: 3 Nc3: 3...g6 and 3...dxe4 4 Nxe4 Nf6 5 Nxf6+ exf6} (7. Be2 O-O 8. O-O b6 9. Ne5 Bb7 10. Bf3 Qc8 11. c3 c5 12. dxc5 bxc5 13. Bxb7 Qxb7 14. Qb3 Qa6 15. Re1 {½-½ (58) Nemeth,M (2470)-Prohaszka,P (2610) Ajka 2018}) 7... O-O {[%emt 0:03:17]} 8. Bc4 {[%emt 0:01:50]} c5 {[%emt 0:01:57]} 9. O-O {[%emt 0:00:59]} cxd4 {[%emt 0:02:32]} 10. Nxd4 {[%emt 0:00:20]} Bd7 $146 {[%emt 0:07:02]} ({Predecessor:} 10... a6 11. Be3 Qc7 12. Qe2 Nbd7 13. a4 b6 14. Rfd1 {0-1 (76) Balasubramaniam,H (2219)-Kathmale,S (2323) Pardubice 2018}) 11. Re1 {[%emt 0:06:17]} Qc7 {[%emt 0:18:10]} 12. Qe2 {[%emt 0:02:56]} a6 {[%emt 0:04:36]} 13. Bb3 {[%emt 0:09:10]} Re8 {[%emt 0:08:54]} 14. Nf3 {[%emt 0:03:15]} Nc6 {[%emt 0:04:18]} 15. Qc4 {[%emt 0:04:38]} e6 {[%emt 0:00:13]} (15... b5 $11 16. Qc5 (16. Qxf7+ Kh8 $11) 16... Rac8) 16. Qh4 {[%emt 0:00:57]} h5 {[%emt 0:13:11]} 17. Bd2 {[%emt 0:23:43]} b5 {[%emt 0:07:37]} (17... Na5 $11 {keeps the balance.}) 18. Bc3 {[%emt 0:04:19]} Nh7 {[%emt 0:03:29]} ({Black should play} 18... Qd8 $14) 19. Bxg7 {[%emt 0:06:06]} Kxg7 {[%emt 0:00:03]} 20. Rad1 {[%emt 0:01:35]} ({White should play} 20. c4 $16) 20... Ra7 {[%emt 0:08:52]} 21. Ne4 {[%emt 0:03:48]} Bc8 {[%emt 0:01:22]} 22. Nd6 {[%emt 0:09:34]} Rd8 {[%emt 0:04:23] [#]} 23. Qg3 $1 {[%emt 0:00:06]} Kg8 {[%emt 0:03:48]} 24. c3 {[%emt 0:04:32]} Qe7 {[%emt 0:01:54]} (24... Qb8 $142 25. Ne5 Nxe5) 25. Nxc8 {[%emt 0:03:20]} Rxc8 {[%emt 0:00:12] [#]} 26. Bxe6 $1 {[%emt 0:00:14]} fxe6 {[%emt 0:02:13]} 27. Qxg6+ {[%emt 0:00:03] Double Attack} Kh8 $18 {[%emt 0:00:06]} 28. Rxe6 {[%emt 0:00:09]} Rg8 {[%emt 0:03:57]} 29. Qh6 {[%emt 0:10:15]} Qf7 {[%emt 0:00:40]} 30. Nh4 {[%emt 0:00:08]} Ne7 {[%emt 0:00:52]} 31. Rde1 {[%emt 0:00:43]} Rd7 {[%emt 0:00:40]} 32. Rxa6 {[%emt 0:02:40]} Rb7 {[%emt 0:00:30]} 33. Rd6 {[%emt 0:01:12]} Rc7 {[%emt 0:00:30]} 34. Rde6 {[%emt 0:00:36]} Rb7 {[%emt 0:00:08]} 35. Qe3 {[%emt 0:00:28]} Nd5 {[%emt 0:00:50]} 36. Qe5+ {[%emt 0:01:28]} Ndf6 {[%emt 0:00:01]} 37. Kh1 {[%emt 0:00:31]} Qg7 {[%emt 0:01:01]} 38. g3 {[%emt 0:00:26]} Qg5 {[%emt 0:00:30]} 39. Nf5 {[%emt 0:00:24]} Rd7 {[%emt 0:00:24]} 40. h4 {[%emt 0:00:00]} Qg4 {[%emt 0:00:00]} 41. Rxf6 {[%emt 0:06:32]} Qf3+ {[%emt 0:03:09]} 42. Kg1 {[%emt 0:00:38]} Rd5 {[%emt 0:01:52]} 43. Qe6 {[%emt 0:00:51]} 1-0

[Event "76th GEO-ch Women 2019"]
[Site "Tbilisi"]
[Date "2019.03.23"]
[Round "5.2"]
[White "Purtseladze, Maka"]
[Black "Tsereteli, Tamar"]
[Result "0-1"]
[WhiteElo "2282"]
[BlackElo "2315"]
[Annotator "NA"]
[PlyCount "120"]
[EventDate "2019.03.19"]
[EventType "swiss"]
[EventCountry "GEO"]
[SourceTitle "playchess.com"]
[Source "ChessBase"]
[SourceQuality "1"]
[TimeControl "40/5400+30:1800+30"]

1. d4 {[%emt 0:00:00]} Nf6 {[%emt 0:00:00]} 2. c4 {[%emt 0:00:00]} e6 {[%emt 0:00:00]} 3. Nc3 {[%emt 0:00:02]} d5 {[%emt 0:00:00]} 4. e3 {[%emt 0:07:29]} Be7 {[%emt 0:05:25] LiveBook: 31 Games} 5. Bd3 {[%emt 0:01:00]} O-O {[%emt 0:01:06]} 6. cxd5 {[%emt 0:04:28] D35: Queen's Gambit Declined: Exchange Variation} exd5 {[%emt 0:00:30]} 7. Nge2 {[%emt 0:00:04]} Re8 {[%emt 0:02:41]} (7... c5 8. O-O Nc6 9. a3 a5 10. b3 b6 11. Kh1 Re8 12. Bb5 Bb7 {0-1 (54) Boros,D (2429)-Wang,P (2380) Charlotte 2018}) 8. Qc2 $146 {[%emt 0:04:34]} ({Predecessor:} 8. O-O Nbd7 9. Nf4 c6 10. f3 Nf8 11. Bc2 Ne6 12. e4 Nxf4 13. Bxf4 {½-½ (42) Paquico Rodriguez,I (2137)-Merriman,J (2263) London 2017}) 8... c5 {[%emt 0:05:34]} 9. dxc5 {[%emt 0:04:06]} Nc6 {[%emt 0:03:15]} 10. a3 {[%emt 0:00:13]} Bxc5 {[%emt 0:07:20]} 11. b4 {[%emt 0:12:34]} Bb6 {[%emt 0:00:28]} 12. Na4 {[%emt 0:04:13]} ({White should try} 12. O-O $11) 12... Bc7 {[%emt 0:02:17]} 13. Bb2 {[%emt 0:01:21]} Ne4 {[%emt 0:11:27]} 14. Rd1 {[%emt 0:13:57]} Qg5 {[%emt 0:08:10]} 15. Bxe4 {[%emt 0:08:49]} dxe4 {[%emt 0:00:20]} 16. h4 {[%emt 0:02:58]} Qh5 {[%emt 0:08:17]} ({Don't blunder} 16... Qxg2 $2 17. Rg1 $18) 17. Nac3 {[%emt 0:05:56]} Bf5 {[%emt 0:08:34]} 18. Nd5 {[%emt 0:05:03]} Be5 {[%emt 0:02:49]} 19. Nef4 {[%emt 0:02:11]} (19. b5 $16 Bxb2 20. bxc6) 19... Qh6 {[%emt 0:01:10]} 20. b5 {[%emt 0:01:31]} Bxb2 {[%emt 0:01:22]} 21. Qxb2 {[%emt 0:02:24]} Ne5 {[%emt 0:03:00]} 22. Nc7 {[%emt 0:00:31]} Qf6 {[%emt 0:08:03]} ({Don't go for} 22... Nc4 $2 23. Qb4 $18) 23. Qb4 {[%emt 0:00:33]} Bg4 {[%emt 0:04:10]} 24. Nxe8 {[%emt 0:01:07]} Rxe8 {[%emt 0:00:07]} 25. Rc1 $2 {[%emt 0:13:36]} (25. Rd4 $18) 25... h6 $16 {[%emt 0:01:18]} (25... Nd3+ $1 $11 26. Nxd3 exd3) 26. h5 {[%emt 0:00:14]} (26. Qd4 $16) 26... a6 {[%emt 0:01:50]} 27. a4 {[%emt 0:03:04]} Qxf4 {[%emt 0:00:25]} 28. exf4 {[%emt 0:00:19]} Nd3+ {[%emt 0:00:01]} 29. Kd2 {[%emt 0:00:05]} Nxb4 {[%emt 0:00:05]} 30. Ke3 {[%emt 0:01:57]} Nd5+ {[%emt 0:00:44]} 31. Kd4 {[%emt 0:00:04]} Nxf4 {[%emt 0:00:12]} 32. Rb1 {[%emt 0:00:32]} Ne2+ {[%emt 0:03:01]} 33. Kc5 {[%emt 0:00:17]} Nc3 {[%emt 0:01:01]} 34. Ra1 {[%emt 0:01:12]} f6 {[%emt 0:03:38]} 35. Kb6 {[%emt 0:00:22]} axb5 {[%emt 0:00:33]} 36. axb5 {[%emt 0:00:37]} Re5 {[%emt 0:00:12]} 37. Ra5 {[%emt 0:00:24]} Be2 {[%emt 0:01:08]} 38. Re1 {[%emt 0:00:41]} Bd3 {[%emt 0:01:10]} 39. Rc1 {[%emt 0:00:25]} Rxb5+ {[%emt 0:01:05]} 40. Rxb5 {[%emt 0:00:00]} Nxb5 {[%emt 0:00:00]} 41. Kxb7 {[%emt 0:00:39]} Nd4 {[%emt 0:01:06]} 42. Kc7 {[%emt 0:01:50]} Ne2 {[%emt 0:02:06]} 43. Rh1 {[%emt 0:00:27]} Nf4 {[%emt 0:01:22]} 44. g3 {[%emt 0:00:05]} Ne6+ {[%emt 0:00:17]} 45. Kd6 {[%emt 0:00:08]} Ng5 {[%emt 0:00:32]} 46. Re1 {[%emt 0:07:00]} Nh3 {[%emt 0:00:28]} 47. Ra1 {[%emt 0:01:25]} Be2 {[%emt 0:07:29]} 48. Ra8+ {[%emt 0:03:06]} Kh7 {[%emt 0:00:20]} 49. Ra5 {[%emt 0:00:14]} Ng5 {[%emt 0:00:11]} 50. Kd5 {[%emt 0:01:44]} Bxh5 {[%emt 0:00:21]} 51. Kd4 {[%emt 0:00:02]} Bf3 {[%emt 0:00:11]} 52. Ke3 {[%emt 0:00:02]} Nf7 {[%emt 0:00:33]} 53. Kf4 {[%emt 0:00:17]} Kg6 {[%emt 0:00:29]} 54. Ra7 {[%emt 0:00:15]} Ne5 {[%emt 0:00:53]} 55. Rc7 {[%emt 0:00:18]} Nd3+ {[%emt 0:00:43]} 56. Ke3 {[%emt 0:00:05]} f5 {[%emt 0:00:43]} 57. Ra7 {[%emt 0:00:13]} Kf6 {[%emt 0:00:14]} 58. Ra5 {[%emt 0:01:21]} Kg5 {[%emt 0:00:17]} 59. Ra6 {[%emt 0:00:11]} h5 {[%emt 0:00:39]} 60. Ra7 {[%emt 0:00:13]} g6 {[%emt 0:00:10]} 0-1

[Event "76th GEO-ch Women 2019"]
[Site "Tbilisi"]
[Date "2019.03.23"]
[Round "5.3"]
[White "Khomeriki, Nino"]
[Black "Khukhashvili, Sopiko"]
[Result "1-0"]
[WhiteElo "2347"]
[BlackElo "2342"]
[Annotator "NA"]
[PlyCount "99"]
[EventDate "2019.03.19"]
[EventType "swiss"]
[EventCountry "GEO"]
[SourceTitle "playchess.com"]
[Source "ChessBase"]
[SourceQuality "1"]
[TimeControl "40/5400+30:1800+30"]

{[%evp 8,76,65,42,61,64,72,50,55,58,84,85,78,84,85,62,80,77,67,61,64,61,54,75,77,79,106,89,100,99,93,56,48,16,65,39,110,62,143,157,184,75,320,32767,32767,32767,32767,32767,142,139,32767,176,173,133,179,195,32767,208,216,32767,196,171,216,0,193,195,117,106,97,77,154]} 1. d4 {[%emt 0:00:00]} d6 {[%emt 0:00:00]} 2. Nf3 {[%emt 0:00:00]} Bg4 {[%emt 0:00:00]} 3. g3 {[%emt 0:00:38]} Bxf3 {[%emt 0:00:00]} 4. exf3 {[%emt 0:00:05]} e6 {[%emt 0:00:04]} 5. c4 {[%emt 0:02:24] A41: 1 d4 d6: Tartakower System and Modern Defence} (5. Bg2 d5 6. f4 g6 7. O-O Bg7 8. Be3 Ne7 9. Qd3 O-O 10. Nd2 c5 11. c3 cxd4 12. Bxd4 Bxd4 13. Qxd4 {1-0 (66) Drozdovskij,Y (2616)-Bogdanovich,S (2537) Odessa 2018}) 5... c6 {[%emt 0:02:18]} 6. d5 {[%emt 0:08:40]} exd5 {[%emt 0:02:44]} 7. cxd5 {[%emt 0:00:06]} Nf6 {[%emt 0:00:29]} 8. Nc3 {[%emt 0:02:37]} Be7 {[%emt 0:00:49]} 9. Bg2 {[%emt 0:02:03]} O-O {[%emt 0:01:37]} 10. O-O {[%emt 0:00:42]} Na6 {[%emt 0:01:31]} 11. Re1 {[%emt 0:06:25]} Re8 {[%emt 0:01:14]} 12. f4 {[%emt 0:03:06]} c5 {[%emt 0:02:23]} 13. g4 {[%emt 0:24:30]} Bf8 $146 {[%emt 0:04:47]} 14. Rxe8 {[%emt 0:03:54]} Nxe8 {[%emt 0:00:08]} 15. Ne4 {[%emt 0:10:26]} Nf6 {[%emt 0:03:08] [#]} 16. Ng3 $1 {[%emt 0:01:09]} c4 {[%emt 0:03:51]} 17. Be3 {[%emt 0:02:45]} Nc5 {[%emt 0:04:45]} 18. g5 {[%emt 0:12:01]} Nfd7 {[%emt 0:00:04]} 19. f5 {[%emt 0:00:14]} b5 {[%emt 0:05:43]} 20. h4 {[%emt 0:00:42]} Qe8 {[%emt 0:09:37]} 21. Qd2 {[%emt 0:02:49]} f6 {[%emt 0:06:23] [#]} ({Black should play} 21... a5 $14) 22. Bd4 {[%emt 0:02:01]} (22. Re1 $1 $16 Nd3 23. Re2) 22... Qf7 {[%emt 0:02:30]} (22... Be7 $14) 23. Re1 {[%emt 0:01:03]} a5 {[%emt 0:02:35] [#]} 24. Bf3 {[%emt 0:03:12]} (24. Re6 $1 $18) 24... Ne5 $2 {[%emt 0:00:48]} (24... a4 $14) 25. Bxe5 {[%emt 0:00:53]} fxe5 {[%emt 0:00:14]} 26. Bh5 {[%emt 0:00:31]} Qb7 {[%emt 0:01:05]} 27. f6 {[%emt 0:01:34]} g6 $2 {[%emt 0:02:07]} (27... Kh8 $11) 28. Bg4 {[%emt 0:00:08]} Kf7 {[%emt 0:05:44]} 29. Ne4 {[%emt 0:03:12]} Nd3 {[%emt 0:00:24]} 30. Be6+ {[%emt 0:00:04]} Ke8 {[%emt 0:00:04]} 31. Re3 {[%emt 0:01:37]} Nf4 {[%emt 0:01:08]} 32. Ng3 {[%emt 0:00:18]} Kd8 {[%emt 0:04:47]} 33. Ne2 {[%emt 0:00:41]} Nd3 {[%emt 0:00:30]} 34. Nc1 {[%emt 0:01:56]} Nf4 {[%emt 0:00:31]} 35. Ne2 $2 {[%emt 0:00:10]} (35. b3 $18) 35... Nd3 {[%emt 0:00:31]} 36. Rh3 {[%emt 0:01:35]} Qb6 {[%emt 0:00:23]} 37. Nc1 {[%emt 0:02:02]} Nf4 {[%emt 0:00:13]} 38. Rf3 {[%emt 0:00:16]} b4 $16 {[%emt 0:05:25]} (38... Nxe6 $142 39. dxe6 Qd4) 39. Ne2 {[%emt 0:01:16]} Nxe2+ {[%emt 0:02:02]} 40. Qxe2 {[%emt 0:00:00]} Qd4 {[%emt 0:00:00]} 41. h5 {[%emt 0:06:55]} a4 {[%emt 0:07:57]} 42. hxg6 {[%emt 0:02:49]} hxg6 {[%emt 0:00:03]} 43. Rh3 {[%emt 0:01:41]} Qf4 {[%emt 0:01:34]} 44. Rh7 {[%emt 0:07:41]} Qxg5+ {[%emt 0:09:19]} 45. Bg4 {[%emt 0:00:13]} Qc1+ {[%emt 0:03:22]} 46. Kg2 {[%emt 0:00:07]} b3 {[%emt 0:08:00]} 47. a3 {[%emt 0:01:30]} Ke8 {[%emt 0:00:04]} 48. Qe4 {[%emt 0:03:59]} Qc2 {[%emt 0:00:17]} 49. Qe3 {[%emt 0:01:03]} Qd3 {[%emt 0:01:25]} 50. Bd7+ {[%emt 0:00:10]} 1-0

[Event "76th GEO-ch Women 2019"]
[Site "Tbilisi"]
[Date "2019.03.23"]
[Round "5.4"]
[White "Khurtsilava, Inga"]
[Black "Mikadze, Miranda"]
[Result "0-1"]
[WhiteElo "2234"]
[BlackElo "2266"]
[Annotator "NA"]
[PlyCount "86"]
[EventDate "2019.03.19"]
[EventType "swiss"]
[EventCountry "GEO"]
[SourceTitle "playchess.com"]
[Source "ChessBase"]
[SourceQuality "1"]
[TimeControl "40/5400+30:1800+30"]

{[%evp 8,68,8,0,15,0,21,9,11,0,2,4,13,-17,7,11,43,11,9,-9,31,12,13,11,15,14,19,18,20,-22,-6,-30,-17,-37,-29,-48,-26,-41,0,-38,0,0,0,-15,0,0,23,26,9,19,27,27,16,32767,32767,32767,32767,-128,-112,-111,32767,-205,-218]} 1. b3 {[%emt 0:00:00]} e5 {[%emt 0:00:00]} 2. Bb2 {[%emt 0:00:00]} Nc6 {[%emt 0:00:00]} 3. e3 {[%emt 0:00:00]} d5 {[%emt 0:00:00]} 4. Nf3 {[%emt 0:00:51]} Bd6 {[%emt 0:04:55]} 5. Bb5 {[%emt 0:02:23]} f6 {[%emt 0:00:29]} 6. c4 {[%emt 0:03:22]} a6 {[%emt 0:03:14] A01: Nimzowitsch-Larsen Opening} (6... Nge7 7. Nc3 a6 8. Ba4 O-O 9. O-O Nb4 10. d4 e4 11. Ne1 Be6 12. a3 Nbc6 13. Bxc6 bxc6 14. c5 Bxh2+ 15. Kxh2 {½-½ (62) Zhao,X (2506)-Kosteniuk,A (2554) Huaian 2016}) 7. Bxc6+ {[%emt 0:07:54]} bxc6 {[%emt 0:00:18]} 8. Qc2 {[%emt 0:00:06]} Be6 {[%emt 0:01:02]} 9. d3 {[%emt 0:04:14]} Nh6 {[%emt 0:02:30]} 10. e4 $146 {[%emt 0:02:57]} ({Predecessor:} 10. O-O O-O 11. Ba3 Qd7 12. Bxd6 cxd6 13. Nc3 dxc4 14. dxc4 {0-1 (50) Gonzalez Rodriguez,J (2372)-Jerez Perez,A (2405) Barcelona 2015}) 10... dxe4 {[%emt 0:06:07]} 11. dxe4 {[%emt 0:00:10]} Qe7 {[%emt 0:01:01]} 12. Bc1 {[%emt 0:03:10]} Nf7 {[%emt 0:02:03]} 13. Be3 {[%emt 0:00:27]} Bc5 {[%emt 0:00:48]} 14. Bxc5 {[%emt 0:01:04]} Qxc5 {[%emt 0:00:02]} 15. Nc3 {[%emt 0:00:12]} O-O {[%emt 0:00:33]} 16. O-O {[%emt 0:05:34]} Nd8 {[%emt 0:09:10]} 17. Na4 {[%emt 0:12:41]} Qe7 {[%emt 0:00:42]} 18. c5 {[%emt 0:00:04]} a5 {[%emt 0:06:55]} 19. Nh4 {[%emt 0:07:46]} g6 {[%emt 0:03:14]} 20. Rad1 {[%emt 0:03:28]} Bc8 {[%emt 0:01:03]} 21. Rd2 {[%emt 0:05:30]} Ne6 {[%emt 0:00:19]} 22. Nf3 {[%emt 0:00:23]} g5 {[%emt 0:08:37]} 23. Qc3 {[%emt 0:02:26]} Qf7 {[%emt 0:05:24]} 24. Rfd1 {[%emt 0:00:48]} Qh5 {[%emt 0:01:57]} 25. Qe3 {[%emt 0:01:05]} Nf4 {[%emt 0:01:45]} (25... g4 $5 26. Ne1 $8 Ba6 $14) 26. Ne1 {[%emt 0:00:51]} Bg4 {[%emt 0:04:59]} 27. f3 {[%emt 0:00:33]} Be6 {[%emt 0:00:13]} 28. Nd3 {[%emt 0:01:05]} Kh8 {[%emt 0:00:54]} 29. Nc3 {[%emt 0:03:17]} Rg8 {[%emt 0:03:19]} 30. Ne2 {[%emt 0:04:51]} a4 {[%emt 0:03:46]} 31. Ng3 {[%emt 0:01:36]} Qf7 {[%emt 0:06:02]} 32. Nf5 {[%emt 0:03:16]} (32. Nc1 $15) 32... Bxf5 {[%emt 0:07:10]} 33. exf5 {[%emt 0:00:03]} axb3 {[%emt 0:00:49]} 34. Nxf4 {[%emt 0:00:56]} (34. axb3 $17 Qxb3 35. Qe1) 34... bxa2 $19 {[%emt 0:02:31]} ({And not} 34... gxf4 35. Qxb3 Qxb3 36. axb3 $11) 35. Ra1 {[%emt 0:17:18]} gxf4 {[%emt 0:00:28]} 36. Qe2 {[%emt 0:00:24]} Qh5 {[%emt 0:10:30]} 37. Rdxa2 {[%emt 0:02:03]} Rxa2 {[%emt 0:00:03]} 38. Rxa2 {[%emt 0:00:13]} Qxf5 {[%emt 0:00:05]} 39. Qe4 {[%emt 0:00:09]} Qd7 {[%emt 0:00:19]} 40. Rc2 {[%emt 0:00:00]} Qd1+ {[%emt 0:00:00]} 41. Kf2 {[%emt 0:06:16]} Qh1 {[%emt 0:02:59]} 42. g4 {[%emt 0:03:49]} Rxg4 {[%emt 0:04:12]} 43. Ke2 {[%emt 0:05:42]} Rg2+ {[%emt 0:00:31]} 0-1